Postacie z Niesamowitego Świata Gumballa - Statystyki

Ogólne statystyki
  • Ten quiz został rozwiązany 470 razy
    438 od ostatniego zresetowania
  • Średni wynik to 14 z 81
Statystyki odpowiedzi
Opis postaci Postać % Poprawnych
Niebieski kot z dużą głową i zwariowaną rodzinką Gumball Watterson
93%
Kupiona rybka w magicznym sklepiku Darwin Raglan Caspian Ahab Poseidon Nicodemius Watterson III
91%
Najleniwsza osoba w mieście Richard Watterson
87%
Różowa króliczka z nad przeciętną inteligencją Anais Watterson
85%
Przepracowana niebieska kocica Nicole Watterson
83%
Chciał wysadzić tamę Rob
58%
Tytułowy bohater korzysta z jego internetu Geylord Robinson
42%
Czyste zło wcielone Margaret Robinson
40%
Maluje przyszłośc Barbara banan
37%
Kierowca autobusu szkolnego Rocky Robinson
32%
Jego wujek to Mario Ocho
30%
Wydostała się z skorupy Penny Fitzgerald
30%
Mówią że niezłe z niego ziółko Banana Joe
27%
Jak założy wąsy to jest facetem Banan Bob
27%
Notoryczny kłamca Clayton
24%
Nie dzwonisz do niego jak chcesz przenieść kanapę Tobias Wilson
23%
Sprzedawał nie legalnie działki na księżycu emerytom Frankie Watterson
21%
Ćwiczy pocałunki na komputerach w bibliotece Bobert
20%
Jest zazdrosna o prześwietlenie męża Joanna Watterson
20%
Specjalizacja: medycyna alternatywna Pan Small
20%
Ciągle wpada w niezręczne sytuacje z tytułowym bohaterem Hot dog
19%
Uczy się grać na pianinie Tina Rex
19%
Wyrzucono ją z wcześniejszej szkoły Carmen
16%
Odwrócona broda Sussie
16%
okulary+koński ogon= Brown
15%
Jej ojciec ma fabrykę : "tęczowa fabryka" Masami Yoshida
15%
Jedyny farmer w szkole Idaho
14%
Pomagał w przejęciu tego programu Internet
14%
Najsłynniejszy złodziej w tej bajce Lewy odcisk
14%
Zakochana w odkażaczu do rąk Teri
14%
Nie jest facetem...który mógłby powiedzieć że nigdy nie skłamamł Trener
14%
Złe zwierzątko rodzinne Żółw
14%
Wielokrotnie kopiujący się uczeń Anton
13%
Zakochał się w siostrze tytułowego bohatera Billy
13%
Sobowtór tytułowego bohatera Chi-Chi
13%
Wywołał tornado Motyl
13%
Ma plan podbicia świata Alan Kean
12%
Najmodniejsza osoba w szkole Leslie
12%
Nowy dziadek tytułowego bohatera Louie
12%
Konserwatywny ,"twardy" ojciec Patrick Fitzgerald
11%
Postać która nagle zniknęła i się nie pojawiła od 1 sezonu Rachel Wilson
11%
Jej ojciec pracuje w muzeum Simian
11%
Trenowała z mamą tytułowego bohatera Yuki Yoshida
11%
Zwierzątko szkolne Chris Morris
10%
Pracuje prawie wszędzie Larry Needlemayer
9%
Bił się z mamą tytułowego bohatera i przegrał Pan Rex
9%
Została porwana nie będąc bananem Jackie Wilson
8%
Pochodzi z Boombox burga Juke
8%
Sobowtór brata tytułowego bohatera Ribbit
8%
Pisze wyimaginowane komiksy Sarah G Lato
8%
Posiada telekineze William
8%
Alter ego tytułowego bohatera Zach
8%
Porównywała swego chłopaka do wózka sklepowego Cerrie Krueger
7%
Psycholog publiczny Harol Wilson
7%
Pracownica biura Karen
7%
Ojciec tytułowego bohatera go przejechał Święty Mikołaj
7%
Pojawił się na staro-wiecznym memie Azrael
6%
Jedyna prawdziwa przyjaciółka siostry tytułowego bohatera Jamie
6%
Twórca wielkiej firmy Pan Chanax
6%
Prowadzi markę ksmetyków Daniel Lennard
5%
Pomarańczowa mama niebieskiego owalnego chłopczyka Felicity Parham
5%
Mniej znany sąsiad tytułowego bohatera (listonosz) Gary Hedgers
5%
Dziecko tytułowego bohatera Kenneth
5%
"Chyba" jedyny nauczyciel który walczył w klatce Pan Corneille
5%
Nakręcono o niej serial Clare Cooper
4%
Nie wiadomo jakim cudem mieści się w korytarzu szkolnym Hektor Jotunheim
4%
W rzeczywistości czajnik Miuriel
4%
Ma ponad 1000 tysięcy opowieści Molly Collins
4%
Wiedźma Pani Jotunheim
4%
Jego ukąszenia są tak szkodliwe ja od osy Pan Kuddels
4%
Zaczyna się ubierać od założenia swetra, ma blond włosy Carlton
3%
Różowy ,gangsterski miś Filip
3%
"Prawowity właściciel zegarka" Marvin Finklehimer
3%
Zaczyna się ubierać od założenia swetra, ma ciemne włosy Troy
3%
Załatwił darmowy "obiad" dla tytułowego bohatera Wirus
3%
Koń Wunderklop
3%
Wpadł do studzienki pisząc esemesa że zaczyna biegać Żółty Grubas
3%
Trener z innej szkoły Pan Kreese
2%
Sprzedawca Hot Dogów Pantsbully
2%
Uczeń z wieloma osobowościami Wilson Bilson
2%
"Kradziej" Vladus Lokowitchki
1%
Nie znaleziono quizów pasujących do podanych kryteriów
Rozkład punktacji
Procent ludzi z każdym wynikiem
Percentyl według liczby udzielonych odpowiedzi
Twoja historia wyników
Nie rozwiązałeś tego quizu od ostatniego zresetowania